[Event "Astana Zhuldyzdary op-A"]
[Site "Astana"]
[Date "2023.07.18"]
[Round "10"]
[White "Suyarov, Mukhammadzokhid"]
[Black "Kenbeilov, Timur"]
[Result "1-0"]
[WhiteElo "2366"]
[BlackElo "1989"]
[PlyCount "246"]
[EventDate "2023.07.11"]
[EventType "swiss"]
[EventRounds "10"]
[EventCountry "KAZ"]
[SourceTitle "EXT 2024"]
[Source "ChessBase"]
[SourceDate "2023.10.10"]
[SourceVersion "1"]
[SourceVersionDate "2023.10.10"]
[SourceQuality "1"]

1. e4 c5 2. Nf3 Nc6 3. Bb5 e5 4. 0-0 Bd6 5. d4 Nxd4 6. Bc4 h6 7. Nxd4 cxd4 8. c3 Bc5 9. f4 d5 10. Bxd5 Nf6 11. b4 Nxd5 12. bxc5 Nxc3 13. Nxc3 dxc3 14. Qxd8+ Kxd8 15. fxe5 Be6 16. Rf3 Kc7 17. c6 Rhd8 18. Ba3 c2 19. Bd6+ Kxc6 20. Rc1 Rac8 21. Rxc2+ Kd7 22. Rb2 Rc1+ 23. Kf2 Kc6 24. Rg3 g6 25. Ra3 a6 26. Ra4 Ra8 27. Rd4 Rc8 28. Bb4 b6 29. Bd2 Ra1 30. Rd6+ Kc7 31. Rdxb6 Rxa2 32. Rb7+ Kc6 33. R7b6+ Kc7 34. Bxh6 Rh8 35. Rb7+ Kc6 36. Be3 Rxb2+ 37. Rxb2 Rxh2 38. Rb6+ Kc7 39. Rxa6 Rh4 40. Kf3 Bc4 41. Rd6 Rh1 42. g3 Rf1+ 43. Bf2 Be6 44. Rd2 Ra1 45. Rd6 Ra4 46. Kf4 Ra2 47. Bb6+ Kb7 48. Be3 Ra3 49. Rd1 Kc7 50. Rc1+ Kd7 51. Re1 Rd3 52. Kg5 Ke7 53. Kh6 Bg4 54. Bf4 Rd1 55. Re3 Rh1+ 56. Kg7 Ra1 57. Rd3 Rd1 58. Ra3 Be6 59. Ra7+ Kd8 60. Bg5+ Kc8 61. Ra4 Rd7 62. Bf6 Bb3 63. Ra8+ Kb7 64. Ra3 Bc4 65. Re3 Kb8 66. Rc3 Be6 67. Bg5 Kb7 68. Be3 Kb8 69. Bc5 Kb7 70. Bd6 Kb6 71. Rc1 Rb7 72. Ra1 Kc6 73. Ra6+ Rb6 74. Ra7 Rb7 75. Ra1 Kb5 76. Kf6 Kc6 77. Rc1+ Kb6 78. Bf8 Rc7 79. Rb1+ Kc6 80. Bh6 Rd7 81. Rc1+ Kb7 82. Re1 Rd3 83. Bf4 Rd7 84. Be3 Rd3 85. g4 Rb3 86. g5 Rb4 87. Bc5 Rb2 88. Be7 Rf2+ 89. Kg7 Rf3 90. Bf6 Rf2 91. Rb1+ Kc7 92. Rc1+ Kb7 93. Rd1 Kc7 94. Rd6 Bc4 95. Rd4 Be6 96. Kf8 Rc2 97. Rd6 Bb3 98. Ke7 Kb7 99. Rd4 Rc7+ 100. Kf8 Rc8+ 101. Kg7 Be6 102. Rd6 Bb3 103. e6 fxe6 104. Kxg6 e5 105. Kf5 Bc2 106. Rd5 Rc3 107. Bxe5 Rc6 108. Rd2 Kc8 109. Rg2 Kd7 110. g6 Bb3 111. Rb2 Be6+ 112. Kf4 Rc8 113. Rb7+ Ke8 114. Bd6 Ba2 115. Rb2 Bg8 116. Ke5 Kd7 117. Rb7+ Kc6 118. Re7 Bb3 119. g7 Bg8 120. Bb4 Rb8 121. Bd2 Rd8 122. Bf4 Bh7 123. Re6+ Kd7 1-0

[Event "Astana Zhuldyzdary op-A"]
[Site "Astana"]
[Date "2023.07.14"]
[Round "5"]
[White "Kenbeilov, Timur"]
[Black "Balabayeva, Kseniya"]
[Result "1-0"]
[WhiteElo "1989"]
[BlackElo "2239"]
[PlyCount "151"]
[EventDate "2023.07.11"]
[EventType "swiss"]
[EventRounds "10"]
[EventCountry "KAZ"]
[SourceTitle "CBM 215 Extra"]
[Source "ChessBase"]
[SourceDate "2023.09.30"]
[SourceVersion "1"]
[SourceVersionDate "2023.09.30"]
[SourceQuality "1"]

1. c4 e6 2. g3 d5 3. Bg2 Nf6 4. Nf3 Be7 5. 0-0 0-0 6. b3 c5 7. Bb2 Nc6 8. cxd5 Nxd5 9. d4 Bf6 10. e4 Ndb4 11. a3 Na6 12. e5 Be7 13. Qc2 cxd4 14. Rd1 Qb6 15. Nbd2 Rd8 16. Nc4 Qc7 17. b4 Rb8 18. Rac1 b5 19. Na5 Nxa5 20. Qxc7 Nxc7 21. Rxc7 Nc4 22. Rxe7 Nxb2 23. Rxd4 Rf8 24. Nd2 a6 25. Rc7 h6 26. Be4 Na4 27. Nb3 g6 28. Na5 Kg7 29. Bc2 Nb6 30. Bb3 Nd5 31. Bxd5 exd5 32. Rxd5 Be6 33. Rd6 Rfc8 34. Ra7 Bh3 35. f4 Rc2 36. Raxa6 Ra2 37. Rac6 Rg2+ 38. Kh1 Ra2 39. Rc1 Rxa3 40. Rd2 Rc8 41. Rcd1 Rcc3 42. Kg1 Ra4 43. Rb2 Raa3 44. Nb7 Rab3 45. Rbb1 Rxb1 46. Rxb1 Rc2 47. Nd6 Bd7 48. Ne4 Bf5 49. Nf6 Bh3 50. Ne8+ Kg8 51. Rd1 h5 52. Nf6+ Kg7 53. Ne4 Rg2+ 54. Kh1 Rb2 55. Ng5 Be6 56. Nxe6+ fxe6 57. Rd7+ Kf8 58. Rb7 Rxb4 59. Kg2 Rb2+ 60. Kh3 b4 61. Kh4 Rxh2+ 62. Kg5 b3 63. Kf6 Ke8 64. Kxe6 Kd8 65. Rxb3 h4 66. Kf7 hxg3 67. Rd3+ Kc7 68. Kxg6 g2 69. Rg3 Kd7 70. f5 Ke8 71. Kg7 Rh5 72. f6 Rf5 73. e6 Rf2 74. f7+ Ke7 75. Kg8 Rf4 76. Rg7 1-0

[Event "Asian Continental op 20th"]
[Site "Almaty"]
[Date "2023.06.07"]
[Round "5"]
[White "Kenbeilov, Timur"]
[Black "Hussein, Aziz Nezad"]
[Result "1/2-1/2"]
[WhiteElo "1879"]
[BlackElo "2332"]
[PlyCount "66"]
[EventDate "2023.06.04"]
[EventType "swiss"]
[EventRounds "9"]
[EventCountry "KAZ"]
[SourceTitle "CBM 214 Extra"]
[Source "ChessBase"]
[SourceDate "2023.07.31"]
[SourceVersion "1"]
[SourceVersionDate "2023.07.31"]
[SourceQuality "1"]

1. d4 d5 2. c4 e6 3. Nf3 Nf6 4. g3 dxc4 5. Bg2 c5 6. 0-0 Nc6 7. dxc5 Qxd1 8. Rxd1 Bxc5 9. Nbd2 c3 10. bxc3 0-0 11. Nb3 Be7 12. Nfd4 Nxd4 13. cxd4 Nd5 14. e4 Nc3 15. Re1 Bd7 16. Bd2 Rac8 17. Bxc3 Rxc3 18. Rac1 Rfc8 19. Rxc3 Rxc3 20. Rc1 Bb4 21. f4 a5 22. Rxc3 Bxc3 23. d5 exd5 24. exd5 a4 25. Nc1 b5 26. Kf2 b4 27. Ke3 Bb5 28. Be4 Kf8 29. Bd3 Bd7 30. Ne2 Bb2 31. Nd4 g6 32. Nc6 Bc3 33. Bc2 a3 1/2-1/2

[Event "Asian Continental op 20th"]
[Site "Almaty"]
[Date "2023.06.05"]
[Round "2"]
[White "Baasansuren, Erdene"]
[Black "Kenbeilov, Timur"]
[Result "1-0"]
[WhiteElo "2264"]
[BlackElo "1879"]
[PlyCount "61"]
[EventDate "2023.06.04"]
[EventType "swiss"]
[EventRounds "9"]
[EventCountry "KAZ"]
[SourceTitle "CBM 214 Extra"]
[Source "ChessBase"]
[SourceDate "2023.07.31"]
[SourceVersion "1"]
[SourceVersionDate "2023.07.31"]
[SourceQuality "1"]

1. d4 Nf6 2. c4 e6 3. g3 d5 4. Nf3 dxc4 5. Bg2 Nbd7 6. 0-0 c6 7. a4 b6 8. Nfd2 Ba6 9. Bxc6 Rc8 10. Bg2 Bb4 11. Nc3 Nb8 12. Nb5 Qe7 13. e4 0-0 14. e5 Ne8 15. Ne4 Nc6 16. Bd2 Bb7 17. Bxb4 Nxb4 18. Nxa7 Ra8 19. Nb5 Qd7 20. Qd2 Nd5 21. Qe2 Nec7 22. Qxc4 Na6 23. Nbd6 Rab8 24. Nxb7 Qxb7 25. Nd6 Qa7 26. Bxd5 exd5 27. Qxd5 Nc7 28. Qc4 Ne6 29. d5 Nc5 30. b4 Nd7 31. Rfe1 1-0

[Event "Aktobe Dvorkovich Rapid op"]
[Site "Aktobe"]
[Date "2022.06.21"]
[Round "2"]
[White "Kenbeilov, Timur"]
[Black "Makhnev, Denis"]
[Result "0-1"]
[WhiteElo "1906"]
[BlackElo "2505"]
[PlyCount "58"]
[EventDate "2022.06.21"]
[EventType "swiss (rapid)"]
[EventRounds "9"]
[EventCountry "KAZ"]
[SourceTitle "CBM 209 Extra"]
[Source "ChessBase"]
[SourceDate "2022.09.30"]
[SourceVersion "1"]
[SourceVersionDate "2022.09.30"]
[SourceQuality "1"]

1. d4 Nf6 2. c4 g6 3. g3 Bg7 4. Bg2 d6 5. Nc3 0-0 6. e3 e5 7. Nge2 c6 8. 0-0 Nbd7 9. b4 a6 10. d5 c5 11. Qb3 cxb4 12. Qxb4 Nc5 13. a4 Qc7 14. a5 Bf5 15. Ba3 Rfc8 16. e4 Nfxe4 17. Nxe4 Bxe4 18. Bxe4 Nxe4 19. Rab1 Qxc4 20. Qxc4 Rxc4 21. Rxb7 Rc2 22. Re1 Bh6 23. f3 Bd2 24. fxe4 Bxe1 25. Kf1 Bxa5 26. Bxd6 Rc4 27. Bxe5 Rxe4 28. Bf6 Bb4 29. Nd4 Bc3 0-1

[Event "Aktobe Dvorkovich Rapid op"]
[Site "Aktobe"]
[Date "2022.06.21"]
[Round "9"]
[White "Vokhidov, Shamsiddin"]
[Black "Kenbeilov, Timur"]
[Result "1-0"]
[WhiteElo "2534"]
[BlackElo "1906"]
[PlyCount "43"]
[EventDate "2022.06.21"]
[EventType "swiss (rapid)"]
[EventRounds "9"]
[EventCountry "KAZ"]
[SourceTitle "CBM 209 Extra"]
[Source "ChessBase"]
[SourceDate "2022.09.30"]
[SourceVersion "1"]
[SourceVersionDate "2022.09.30"]
[SourceQuality "1"]

1. e4 b6 2. d4 Bb7 3. Bd3 d6 4. c4 c5 5. d5 Nd7 6. f4 g6 7. Nf3 Bg7 8. 0-0 Qc7 9. Nc3 a6 10. Qe1 Ngf6 11. e5 dxe5 12. fxe5 Ng4 13. d6 Qd8 14. e6 fxe6 15. Qxe6 Nde5 16. Nxe5 Nxe5 17. Bh6 Bxh6 18. Qxe5 Rf8 19. Be4 Be3+ 20. Kh1 Bd4 21. Rxf8+ Kxf8 22. Qxe7+ 1-0

[Event "World ol U16"]
[Site "Corum"]
[Date "2019.11.04"]
[Round "8.20"]
[White "Kenbeilov, Timur"]
[Black "Hatirli, Ugur Can"]
[Result "1-0"]
[WhiteElo "1844"]
[BlackElo "1852"]
[PlyCount "75"]
[EventDate "2019.10.29"]
[EventType "team-swiss"]
[EventRounds "9"]
[EventCountry "TUR"]
[SourceTitle "CBM 192 Extra"]
[Source "Chessbase"]
[SourceDate "2019.11.06"]
[SourceVersion "1"]
[SourceVersionDate "2019.11.06"]
[SourceQuality "1"]
[WhiteTeam "Kazakhstan Karaganda"]
[BlackTeam "Turkey Corum"]
[WhiteTeamCountry "KAZ"]
[BlackTeamCountry "TUR"]

1. d4 Nf6 2. c4 e6 3. g3 d5 4. Bg2 c6 5. Nf3 Nbd7 6. Nbd2 Be7 7. 0-0 0-0 8. Qc2 dxc4 9. Nxc4 Nb6 10. Rd1 Nfd5 11. e4 Nb4 12. Qe2 Nxc4 13. Qxc4 b5 14. Qc3 Bb7 15. a3 Na6 16. Be3 Rc8 17. b4 Bf6 18. Ne5 Nb8 19. Rac1 a5 20. Nd3 Nd7 21. e5 Be7 22. bxa5 Ra8 23. Bd2 Qb8 24. Nb4 c5 25. Nc6 Bxc6 26. Bxc6 cxd4 27. Qxd4 Nxe5 28. Bxa8 Rd8 29. Qe4 Nd3 30. Bf4 Nxf4 31. Rxd8+ Qxd8 32. gxf4 Bxa3 33. Rb1 Bc5 34. a6 Qd2 35. Rf1 b4 36. Qc4 Bf8 37. Bc6 b3 38. a7 1-0

[Event "World ol U16"]
[Site "Corum"]
[Date "2019.10.29"]
[Round "1.18"]
[White "Kenbeilov, Timur"]
[Black "Avila Pavas, Santiago"]
[Result "0-1"]
[WhiteElo "1844"]
[BlackElo "2406"]
[PlyCount "64"]
[EventDate "2019.10.29"]
[EventType "team-swiss"]
[EventRounds "9"]
[EventCountry "TUR"]
[SourceTitle "CBM 192 Extra"]
[Source "Chessbase"]
[SourceDate "2019.11.06"]
[SourceVersion "1"]
[SourceVersionDate "2019.11.06"]
[SourceQuality "1"]
[WhiteTeam "Kazakhstan Karaganda"]
[BlackTeam "Colombia"]
[WhiteTeamCountry "KAZ"]
[BlackTeamCountry "COL"]

1. d4 Nf6 2. c4 c5 3. Nf3 cxd4 4. Nxd4 b6 5. Nc3 Bb7 6. f3 d6 7. e4 e6 8. Be3 Be7 9. Be2 Nbd7 10. 0-0 0-0 11. b4 d5 12. Qb1 e5 13. cxd5 exd4 14. Bxd4 Re8 15. Qb3 Bd6 16. Nb5 Bb8 17. Rac1 a6 18. Na3 Bxd5 19. Qd3 Bb7 20. Rfd1 Bf4 21. Rc3 Qe7 22. Nc4 Ne5 23. Qb1 Nxc4 24. Bxc4 Rac8 25. b5 axb5 26. Qxb5 Red8 27. Qxb6 Be5 28. Rcc1 Rd6 29. Qb4 Qd7 30. Bd5 Nxd5 31. Rxc8+ Bxc8 32. Qc5 Nf4 0-1

[Event "World School-ch U13"]
[Site "Antalya"]
[Date "2019.04.24"]
[Round "7"]
[White "Amilal, Munkhdalai"]
[Black "Kenbeilov, Timur"]
[Result "1-0"]
[WhiteElo "2042"]
[BlackElo "1922"]
[PlyCount "65"]
[EventDate "2019.04.18"]
[EventType "swiss"]
[EventRounds "9"]
[EventCountry "TUR"]
[SourceTitle "CBM 190 Extra"]
[Source "ChessBase"]
[SourceDate "2019.07.15"]
[SourceVersion "1"]
[SourceVersionDate "2019.07.15"]
[SourceQuality "1"]

1. e4 d5 2. exd5 Qxd5 3. Nf3 Bg4 4. Be2 Nf6 5. 0-0 Nc6 6. d4 e6 7. Be3 Be7 8. Nbd2 0-0 9. c4 Qd6 10. Qb3 Rad8 11. Rfe1 Rfe8 12. a3 Qd7 13. Ne5 Qc8 14. Nxg4 Nxg4 15. Bxg4 Nxd4 16. Qd1 Rd7 17. Nf1 Red8 18. Bf3 c5 19. Bxd4 cxd4 20. Qd3 Rc7 21. Be2 e5 22. Qe4 Bd6 23. Bd3 g6 24. f4 exf4 25. Kh1 Rc5 26. b4 Rh5 27. c5 Bb8 28. Qf3 Rh6 29. Re7 b6 30. c6 Bd6 31. Rxa7 Qe6 32. Rc1 g5 33. Bc4 1-0

[Event "World School-ch U13"]
[Site "Antalya"]
[Date "2019.04.23"]
[Round "6"]
[White "Kenbeilov, Timur"]
[Black "Flores Quillas, Diego Saul Rodrigo"]
[Result "1-0"]
[WhiteElo "1922"]
[BlackElo "2161"]
[PlyCount "99"]
[EventDate "2019.04.18"]
[EventType "swiss"]
[EventRounds "9"]
[EventCountry "TUR"]
[SourceTitle "CBM 190 Extra"]
[Source "ChessBase"]
[SourceDate "2019.07.15"]
[SourceVersion "1"]
[SourceVersionDate "2019.07.15"]
[SourceQuality "1"]

1. d4 Nf6 2. c4 c5 3. e3 cxd4 4. exd4 d5 5. Nf3 g6 6. Nc3 Bg7 7. Be2 0-0 8. 0-0 Nc6 9. h3 dxc4 10. Bxc4 Na5 11. Be2 Be6 12. Ne5 Rc8 13. Qa4 a6 14. Rd1 b5 15. Qa3 Qb6 16. b4 Nc4 17. Bxc4 Bxc4 18. Be3 Qb7 19. Nxc4 Rxc4 20. Rac1 e6 21. f3 Rfc8 22. Ne2 Nd5 23. Bd2 Qb6 24. Kh2 Rxc1 25. Rxc1 Rxc1 26. Qxc1 Bxd4 27. Nxd4 Qxd4 28. Bh6 Qc3 29. Qg5 f6 30. Qg3 Kf7 31. a3 Qe5 32. Qxe5 fxe5 33. Bg5 Nf6 34. Kg3 e4 35. Kf4 exf3 36. gxf3 Nd7 37. Ke4 Nb6 38. Kd4 Nc4 39. a4 Na3 40. a5 Nc4 41. Kc5 Ke8 42. Kc6 e5 43. Kb7 Kd7 44. Kxa6 Kc6 45. Ka7 Kc7 46. Bf6 h6 47. h4 Kd6 48. Kb7 Nxa5+ 49. bxa5 b4 50. a6 1-0

[Event "World School-ch U13"]
[Site "Antalya"]
[Date "2019.04.20"]
[Round "3"]
[White "Kenbeilov, Timur"]
[Black "Tarhan, Adar"]
[Result "0-1"]
[WhiteElo "1922"]
[BlackElo "1962"]
[PlyCount "256"]
[EventDate "2019.04.18"]
[EventType "swiss"]
[EventRounds "9"]
[EventCountry "TUR"]
[SourceTitle "CBM 190 Extra"]
[Source "ChessBase"]
[SourceDate "2019.07.15"]
[SourceVersion "1"]
[SourceVersionDate "2019.07.15"]
[SourceQuality "1"]

1. d4 d5 2. c4 e6 3. g3 Nf6 4. Bg2 Be7 5. Nf3 0-0 6. 0-0 dxc4 7. Ne5 c5 8. dxc5 Qc7 9. Nxc4 Qxc5 10. Qb3 Nc6 11. Be3 Qh5 12. Nbd2 Ng4 13. Nf3 b5 14. Ncd2 Bb7 15. Rac1 Rac8 16. h3 Nxe3 17. Qxe3 Rfd8 18. Nb3 h6 19. g4 Qg6 20. Rxc6 Bxc6 21. Ne5 Qc2 22. Nxc6 Rxc6 23. Be4 Qxb2 24. Bxc6 Qxa2 25. Ra1 Qc2 26. Be4 Qb2 27. Rxa7 Bf6 28. Ra8 Rxa8 29. Bxa8 Bc3 30. Qd3 Qxb3 31. Be4 g6 32. Qd8+ Kg7 33. Bd3 b4 34. Qc7 Qb2 35. Kg2 b3 36. Bc4 Qc2 37. Qb7 Kf6 38. Bd3 Qb2 39. Bb5 Qd2 40. Qf3+ Ke7 41. Qb7+ Kf8 42. Bd3 b2 43. Qb8+ Kg7 44. Qb3 Bf6 45. Qc2 Qb4 46. Qd1 Qd4 47. e3 Qd5+ 48. e4 Qd4 49. Qe2 Qd6 50. Bb1 Qf4 51. Qf3 Qd2 52. Qd3 Qc1 53. Qc2 Be5 54. Qd3 Qf4 55. Qf3 Qd2 56. Qd3 Qc1 57. Bc2 Qe1 58. Qf1 Qb4 59. Qd3 Bd4 60. Kf1 e5 61. Bb1 Qc5 62. Qc2 Qe7 63. Ba2 Qg5 64. Qb3 Qf4 65. f3 h5 66. g5 h4 67. Ke2 Kh7 68. Kf1 Qc1+ 69. Ke2 Qc7 70. Kd3 Qa7 71. Kc2 Kg7 72. Kd3 Qa6+ 73. Kd2 Qa5+ 74. Kc2 Qc7+ 75. Kd3 Kh8 76. Qb4 Qd8 77. Kc2 Qc8+ 78. Kd3 Kg7 79. Qb3 Qf8 80. f4 Qe7 81. f5 gxf5 82. exf5 Qd7 83. Ke4 Qc6+ 84. Kd3 Qf3+ 85. Kc4 Qxf5 86. Kb4 Qd7 87. Qf3 Qd6+ 88. Ka4 Qa6+ 89. Kb3 Qe6+ 90. Ka3 Qa6+ 91. Kb3 Qg6 92. Qf1 Qxg5 93. Ka4 Qg6 94. Bb1 Qc6+ 95. Kb3 Qb7+ 96. Ka4 Bc5 97. Qc4 Qa7+ 98. Kb5 Qb6+ 99. Ka4 Bd4 100. Qd3 Qg6 101. Qf1 Qc6+ 102. Kb3 Qc3+ 103. Ka4 Bc5 104. Qg2+ Qg3 105. Qxb2 Bd4 106. Qd2 Bc3 107. Qc1 Bd4 108. Bf5 Qe3 109. Qh1 Qf2 110. Qe4 Qg3 111. Bg4 Be3 112. Kb5 Qf4 113. Qg2 Qf2 114. Qe4 Qb2+ 115. Kc6 Qc3+ 116. Kb7 Qd4 117. Qg2 Qb6+ 118. Kc8 Kf8 119. Qd5 Qa6+ 120. Kd7 Qa7+ 121. Kd6 Qb8+ 122. Kd7 Qa7+ 123. Kd6 Qe7+ 124. Kc6 Kg7 125. Qd6 Qe8+ 126. Kd5 Qb5+ 127. Ke4 Bf4 128. Qd5 f5+ 0-1

[Event "Wch U10"]
[Site "Batumi"]
[Date "2016.10.30"]
[Round "11"]
[White "Kenbeilov, Timur"]
[Black "Maneluk, Daniil"]
[Result "1/2-1/2"]
[WhiteElo "1576"]
[BlackElo "1934"]
[PlyCount "118"]
[EventDate "2016.10.19"]
[EventType "swiss"]
[EventRounds "11"]
[EventCountry "GEO"]
[SourceTitle "EXT 2018"]
[Source "ChessBase"]
[SourceDate "2017.10.13"]
[SourceVersion "1"]
[SourceVersionDate "2017.10.13"]
[SourceQuality "1"]

1. Nf3 c5 2. c4 g6 3. Nc3 Bg7 4. e3 Nf6 5. d4 cxd4 6. exd4 d5 7. Be2 0-0 8. 0-0 dxc4 9. Bxc4 Nbd7 10. d5 Nb6 11. Bb3 Bg4 12. h3 Bf5 13. Bf4 Ne4 14. Rc1 Nxc3 15. bxc3 Rc8 16. Ne5 Nd7 17. Nxd7 Bxd7 18. d6 exd6 19. Bxd6 Re8 20. Qf3 Be6 21. Rfd1 Bxb3 22. axb3 Qb6 23. c4 Qc6 24. Qf4 Re6 25. Rd3 Rce8 26. Bb4 Be5 27. Qd2 Bb8 28. Rd8 Bc7 29. Rxe8+ Qxe8 30. Bc3 Re2 31. Qd4 Be5 32. Qxa7 Bxc3 33. Rxc3 Re1+ 34. Kh2 Qe5+ 35. Rg3 h5 36. Qa8+ Kg7 37. Qd8 Qf4 38. h4 Qxf2 39. Rf3 Qg1+ 40. Kg3 Re6 41. Qd2 Re4 42. Rf4 Re6 43. Rf2 Re4 44. Rf4 Re6 45. Qf2 Re3+ 46. Rf3 Rxf3+ 47. Qxf3 Qe1+ 48. Kh3 Qh1+ 49. Kg3 Qe1+ 50. Qf2 Qxf2+ 51. Kxf2 Kf6 52. Ke3 Ke5 53. g3 f6 54. b4 b6 55. Kd3 g5 56. Ke3 gxh4 57. gxh4 f5 58. c5 bxc5 59. bxc5 Kd5 1/2-1/2

[Event "Wch U10"]
[Site "Batumi"]
[Date "2016.10.27"]
[Round "8"]
[White "Alimbetov, Dias"]
[Black "Kenbeilov, Timur"]
[Result "0-1"]
[WhiteElo "1818"]
[BlackElo "1576"]
[PlyCount "62"]
[EventDate "2016.10.19"]
[EventType "swiss"]
[EventRounds "11"]
[EventCountry "GEO"]
[SourceTitle "CBM 175 Extra"]
[Source "ChessBase"]
[SourceDate "2016.12.12"]
[SourceVersion "1"]
[SourceVersionDate "2016.12.12"]
[SourceQuality "1"]

1. Nf3 d5 2. c4 c6 3. g3 e6 4. Bg2 f5 5. Qc2 Nf6 6. 0-0 Be7 7. d3 0-0 8. Nbd2 Na6 9. a3 b5 10. b3 bxc4 11. bxc4 Nc5 12. Bb2 Ba6 13. Ne5 Qd6 14. a4 Rfc8 15. Ndf3 Rab8 16. Ba3 Qc7 17. Rab1 Bd6 18. Rxb8 Rxb8 19. cxd5 cxd5 20. d4 Nb3 21. Qxc7 Bxc7 22. Nc6 Rb6 23. Nxa7 Bxe2 24. Re1 Bxf3 25. Bxf3 Nxd4 26. Bd1 Rb1 27. Kf1 Ba5 28. Bc5 Bxe1 29. Kxe1 Nf3+ 30. Ke2 Ng1+ 31. Ke1 Ne4 0-1